000
00221nam a2200085Ia 4500
008
120527s9999 xx 000 0 und d
100
_a
NEILL, D.H.O
245
_a
Human and draugt animal power in crop production
942
_c
BK
999
_c
25134
_d
25134